Poistenie.

Z obsahu: Na Slovensku sa očakáva zvýšený záujem o poistenie zodpovednostných rizík. Poisťovníctvo sa stáva významným odvetvím českej ekonomiky. Poistné produkty na slovenskom poistnom trhu. Ponuka poistení poisťovne Otčina. J. Ježdík charakterizuje Českú pojišťovnu. Očakáva sa vznik slovenskej exim...

ver descrição completa

Na minha lista:
Detalhes bibliográficos
Formato: Capítulo de Livro
Idioma:eslovaco
Assuntos:
Tags: Adicionar Tag
Sem tags, seja o primeiro a adicionar uma tag!

MARC

LEADER 00000naa a2200000 4500
001 r021242
005 20230921074145.2
041 0 |a slo 
044 |a SK 
245 1 0 |a Poistenie. 
520 |a Z obsahu: Na Slovensku sa očakáva zvýšený záujem o poistenie zodpovednostných rizík. Poisťovníctvo sa stáva významným odvetvím českej ekonomiky. Poistné produkty na slovenskom poistnom trhu. Ponuka poistení poisťovne Otčina. J. Ježdík charakterizuje Českú pojišťovnu. Očakáva sa vznik slovenskej eximbanky. Slovensko smeruje k založeniu svojho jadrového poolu. Odliv poistencov zo Všeobecnej zdravotnej poisťovne. 
610 2 0 |a Slovensko 
610 2 0 |a Česko 
610 2 0 |a poistenie 
610 2 0 |a trh poistný 
610 2 0 |a elektrárne atómové 
610 2 0 |a Česká poisťovňa - Slovensko, a.s. Bratislava 
610 2 0 |a Všeobecná zdravotná poisťovňa Bratislava